000 00911nam a2200217 a 4500
001 001357875
003 AM-YeHGA
005 20250617165029.0
008 170505s1923 ru ||||| |||| 00| 0 rus d
040 _aAM-YeHGA
041 0 _arus
100 1 _aВолков, Евгений Захарович,
_d1883-1942
245 1 0 _aХристо Ботев :
_bНа заре балканского революционного коммунизма /
_cЕ.З. Волков; Истпарт. Комис. по истории Октябрьск. революции и Рос. коммун. партии (большевиков).
260 _aМосква ;
_aПетроград :
_bГос. изд-во,
_c1923.
300 _a227 с. :
_bпортр. ;
_c23 см.
600 1 4 _aБотев, Христо,
_d1848-1876
650 1 4 _aРеволюция
650 1 4 _aКоммунизм
942 _2udc
_cBK
090 _c572526
999 _c533489
_d533489